000 00959nas a2200301 4500
001 BR2013005004
003 BR-BrBNA
005 20231205122542.0
007 ta
008 230509b bl.|||p| |||| 00| 00por d
040 _aBR-BrBNA
_bpor
_cBiblioteca Nacional de Agricultura
041 _a(Pt)
072 _aQ04
100 1 _aHelm, C.V.
100 1 _aSteenbock, W.
100 1 _aMazza, M.C.M.
100 1 _aMazza, C.A. da S.
245 1 _aCaracterização da composição química de conserva de palmito de Cordyline spectabilis e da farinha obtida do resíduo após processamento
650 _aPALMITO
650 _aPROCESSAMENTO
650 _aCONSERVA
650 _aFARINHA
650 _aCOMPOSIÇÃO QUÍMICA
650 _aVALOR NUTRITIVO
773 0 _tPesquisa Florestal Brasileira (Brazil)
_xISSN 1809-3647
_g(Jan-Dec 2011), v. 31(65-68) p. 265-268
_wBR2013005004
909 _a202311
_bLúcia
_c55
_dLúcia Elande
942 _2AGRIS
_n0
_cANA
999 _c229244
_d229244